聖經書卷 - Statistics

General Stats
  • This quiz has been taken 5 times
  • The average score is 34 of 66
Answer Stats
Hints 書卷 % Correct
摩西五經 創世記
100%
摩西五經 出埃及記‎
100%
摩西五經 利未記‎
100%
摩西五經 民數記‎
100%
摩西五經 申命記‎
100%
歷史書 約書亞記
100%
歷史書 以斯帖記‎
100%
詩歌智慧 約伯記‎
100%
詩歌智慧 詩篇‎
100%
詩歌智慧 箴言‎
100%
福音 馬太福音
100%
福音 馬可福音
100%
福音 路加福音
100%
福音 約翰福音
100%
保羅書信 帖撒羅尼迦前書
100%
保羅書信 帖撒羅尼迦後書
100%
普通書信 約翰一書
100%
普通書信 約翰二書
100%
普通書信 約翰三書
100%
預言書 啟示錄
100%
歷史書 列王紀上
67%
歷史書 列王紀下‎
67%
詩歌智慧 雅歌‎
67%
大先知 以賽亞書‎
67%
大先知 耶利米哀歌‎‎
67%
大先知 但以理書‎
67%
小先知 約拿書‎
67%
歷史書 使徒行傳
67%
保羅書信 羅馬書
67%
保羅書信 以弗所書
67%
普通書信 彼得前書
67%
普通書信 彼得後書
67%
普通書信 猶大書
67%
歷史書 撒母耳記上‎
33%
歷史書 撒母耳記下‎
33%
歷史書 歷代志上‎
33%
歷史書 歷代志下‎
33%
歷史書 以斯拉記‎
33%
詩歌智慧 傳道書‎
33%
大先知 耶利米書‎
33%
大先知 以西結書‎
33%
小先知 約珥書‎
33%
小先知 彌迦書‎
33%
小先知 那鴻書‎
33%
小先知 瑪拉基書
33%
保羅書信 哥林多前書
33%
保羅書信 哥林多後書
33%
保羅書信 腓立比書
33%
普通書信 希伯來書
33%
普通書信 雅各書
33%
歷史書 士師記‎
0%
歷史書 路得記‎
0%
歷史書 尼希米記‎
0%
小先知 何西阿書‎
0%
小先知 阿摩司書‎
0%
小先知 俄巴底亞書‎
0%
小先知 哈巴谷書‎
0%
小先知 西番雅書‎
0%
小先知 哈該書‎
0%
小先知 撒迦利亞書‎
0%
保羅書信 加拉太書
0%
保羅書信 歌羅西書
0%
保羅書信 提摩太前書
0%
保羅書信 提摩太後書
0%
保羅書信 提多書
0%
保羅書信 腓利門書
0%
No matching quizzes found
Score Distribution
Percent of People with Each Score
Percentile by Number Answered
Your Score History
You have not taken this quiz